000 00828nam a2200265 a 4500
001 000109879
003 CHAP
005 20220329144107.0
008 140604s2012 mx |rm |0|||||spa d
010 _a106341
011 _a107313
040 _cCHAP
090 _aTesis
100 1 _aWaldo de Jesus, Walfred Andoreni
_9127223
245 1 0 _aPropuesta de acondicionamiento y mejora de la unidad cunícola del CEP-CSAEGro /
_cpor Walfred Andoreni Waldo de Jesus.
260 _aCocula, Gro. :
_bEl autor,
_c2012.
300 _aiv, 76 h. :
_bil., gráfs., cuadros.
502 _aTesis (Ing. Agr. Zootecnista) -- CSAEGro
590 _aE6096MTM
_b05
_c20140604
_lUCH01
_h1459
650 1 4 _aConejos
_xAlojamiento.
_926354
650 1 4 _aConejos
_xCostos de producción.
_926356
901 _aBK
942 _cTESIS
942 _n0
999 _c106341
_d106341